Самопроизвольная карбонизация в растворе продукта неравновесного электрохимического окисления меди и алюминия; Теоретическая и экспериментальная химия жидкофазных систем (Крестовские чтения)

গ্রন্থ-পঞ্জীর বিবরন
Parent link:Теоретическая и экспериментальная химия жидкофазных систем (Крестовские чтения).— 2013.— [С. 143-144]
প্রধান লেখক: Усольцева Н. В. Наталья Васильевна
সংস্থা লেখক: Национальный исследовательский Томский политехнический университет (ТПУ) Институт природных ресурсов (ИПР) Кафедра общей химической технологии (ОХТ)
সংক্ষিপ্ত:Заглавие с титульного листа
ভাষা:রুশ
প্রকাশিত: 2013
বিষয়গুলি:
অনলাইন ব্যবহার করুন:http://krestov.isc-ras.ru/template/page/Abstract-Krestov-2013.pdf#page=146
বিন্যাস: বৈদ্যুতিক গ্রন্থের অধ্যায়
KOHA link:https://koha.lib.tpu.ru/cgi-bin/koha/opac-detail.pl?biblionumber=636868

MARC

LEADER 00000naa0a2200000 4500
001 636868
005 20250920102732.0
035 |a (RuTPU)RU\TPU\network\927 
090 |a 636868 
100 |a 20140404d2013 k y0rusy50 ca 
101 0 |a rus 
102 |a RU 
135 |a drgn ---uucaa 
181 0 |a i  
182 0 |a b 
200 1 |a Самопроизвольная карбонизация в растворе продукта неравновесного электрохимического окисления меди и алюминия  |f Н. В. Усольцева 
203 |a Текст  |c электронный 
300 |a Заглавие с титульного листа 
320 |a [Библиогр.: с. 143 (1 назв.)] 
337 |a Adobe Reader 
463 1 |t Теоретическая и экспериментальная химия жидкофазных систем (Крестовские чтения)  |o сборник тезисов докладов VIII Всероссийской школы-конференции молодых ученых, Иваново, 7-11 октября 2013 г.  |v [С. 143-144]  |d 2013 
610 1 |a электронный ресурс 
610 1 |a труды учёных ТПУ 
610 1 |a медь 
610 1 |a алюминий 
610 1 |a электрохимическое окисление 
700 1 |a Усольцева  |b Н. В.  |c химик-технолог  |c инженер Томского политехнического университета  |f 1985-  |g Наталья Васильевна  |3 (RuTPU)RU\TPU\pers\27928  |9 12931 
712 0 2 |a Национальный исследовательский Томский политехнический университет (ТПУ)  |b Институт природных ресурсов (ИПР)  |b Кафедра общей химической технологии (ОХТ)  |3 (RuTPU)RU\TPU\col\18654 
801 2 |a RU  |b 63413507  |c 20151118  |g RCR 
856 4 |u http://krestov.isc-ras.ru/template/page/Abstract-Krestov-2013.pdf#page=146 
942 |c CF